Basic Knowledge Test #2 - Statistics

General Stats
  • This quiz has been taken 21 times
  • The average score is 9 of 16
Answer Stats
Question Answer % Correct
President of the United States Donald Trump
100%
Carnivorous Plant Venus Flytrap
100%
Most populous country in the world India
85%
Chicken in Spanish Pollo
85%
Most UEFA Champions Leagues won Real Madrid
70%
Which of these is an Italian Brainrot Tung Tung Tung Sahur
70%
Which of these is a song by Alex Warren Ordinary
60%
Which animal cannot look into the sky Pig
55%
The First MCU film Iron Man
50%
Capital of Bhutan Thimpu
50%
Capital of New Zealand Wellington
45%
What is the breakaway country in Moldova that is majority Russian Transnistria
40%
3rd largest religion in Palau (5 percent of the country) Modekngei
35%
Most Populous Island in the World Java
30%
Largest Christian Denomination in the South Southern Baptist Convention
25%
The amount your body is of water 60 percent
5%
No matching quizzes found
Score Distribution
Percent of People with Each Score
Percentile by Number Answered
Your Score History
You have not taken this quiz